Villes du monde : marions-les ! (mort subite) - Statistiques

Statistiques générales
  • Ce quiz a été pris 51 fois
  • Le résultat moyen est 16 sur 30
Answers on the Grid
Answers color-coded by a green-red scale on the quiz's grid according to % correct below.
O. Ran
Gand
Pat Na
Lausanne
Rod Ez
Brisbane
O. Klahoma City
Cabourg
Bob Igny
Dijon
Karachi
Los Angeles
Ben Arès
Munich
Liv Ourne
New York
Guy Ancourt
A. Berdeen
Naples
May Ence
Honolulu
Ed Imbourg
I. Ssoudun
Vancouver
Johannes Bourg
Zurich
Val Paraiso
Turin
Venise
Mo Nastir
Victoria
Sousse
A. Bidjan
Francfort
Tao Rmina
Bruges
A. Bou Dabi
Casablanca
A. Gadir
Sam Oëns
Toulouse
Fribourg
Charlotte
Auckland
Sydney
Rennes
Toronto
Ali Cante
Strasbourg
Rotterdam
Ava Llon
U. Zès
Quimper
Lou Xor
Québec
O. Viedo
Porto
Nice
Tim Isoara
Adelaïde
 
Statistiques - réponses
Réponse % Correct
O. Ran
77%
Bob Igny
67%
O. Klahoma City
67%
Ed Imbourg
64%
Mo Nastir
64%
A. Bidjan
62%
A. Bou Dabi
62%
Pat Na
62%
Rod Ez
62%
Johannes Bourg
59%
Lou Xor
59%
O. Viedo
59%
A. Berdeen
56%
Ali Cante
56%
Guy Ancourt
56%
Liv Ourne
56%
I. Ssoudun
54%
May Ence
54%
Tim Isoara
54%
Val Paraiso
54%
A. Gadir
51%
Ava Llon
51%
Ben Arès
51%
Sam Oëns
51%
U. Zès
51%
Tao Rmina
46%
Adelaïde
28%
Charlotte
26%
Sydney
21%
Victoria
18%
Aucun quiz correspondant
Distribution des résultats
% des personnes avec chaque résultat
Percentile par nombre de réponses
Votre historique - résultats
Vous n’avez pas pris ce quiz